| 000 | 00947nam0a22002531 4500 | ||
|---|---|---|---|
| 001 | rc\2855290 | ||
| 005 | 20250529205327.0 | ||
| 035 | _a(NLR Aleph) 007009947 | ||
| 090 |
_a5804429 _c5804429 |
||
| 100 | _a20110707d1930 |||y0rusy50 ca | ||
| 101 | 0 | _arus | |
| 102 | _aRU | ||
| 105 | _ay z ||||| | ||
| 200 | 1 |
_aСпорные проблемы марксистской педагогики _eСборник статей _fПод ред. А.З. Иоанисиани [!] |
|
| 210 |
_aМосква _cРаботник просвещения _d1930 _g7-я тип. Мосполиграфа "Искра революции" |
||
| 215 |
_a411, [1] с. _d21×15 см |
||
| 300 | _aОбложка: А. Т[олоконников] | ||
| 702 | 1 |
_aИоаннисиани _bА.З. _gАлександр Зиновьевич _4340 |
|
| 801 | 0 |
_aRU _bNLR _gpsbo |
|
| 801 | 1 |
_aRU _bELAR _2rusmarc |
|
| 852 |
_aNLR _j30-3/468 |
||
| 942 | _cBOOK | ||
| 980 | _aNB | ||